No, no, Rosina / (Record no. 8477)

MARC details
000 -LEADER
fixed length control field 01565cam a22003611 4500
001 - CONTROL NUMBER
control field 8477
003 - CONTROL NUMBER IDENTIFIER
control field FISKH
005 - DATE AND TIME OF LATEST TRANSACTION
control field 20250915123054.0
008 - FIXED-LENGTH DATA ELEMENTS--GENERAL INFORMATION
fixed length control field 751208s1964 nyua 000 1 eng
010 ## - LIBRARY OF CONGRESS CONTROL NUMBER
LC control number 64012150
035 ## - SYSTEM CONTROL NUMBER
System control number 9389641
035 ## - SYSTEM CONTROL NUMBER
System control number (OCoLC)1880234
040 ## - CATALOGING SOURCE
Original cataloging agency DLC
Transcribing agency FT
Modifying agency DLC
Language of cataloging eng
050 00 - LIBRARY OF CONGRESS CALL NUMBER
Classification number PZ7.M36418
Item number No
082 ## - DEWEY DECIMAL CLASSIFICATION NUMBER
Classification number 800
100 1# - MAIN ENTRY--PERSONAL NAME
Personal name Martin, Patricia Miles
245 10 - TITLE STATEMENT
Title No, no, Rosina /
Statement of responsibility, etc. by Patricia Miles Martin ; illustrated by Pat Grant Porter
250 ## - EDITION STATEMENT
Edition statement This edition published in 1972
260 ## - PUBLICATION, DISTRIBUTION, ETC.
Place of publication, distribution, etc. Chicago :
Name of publisher, distributor, etc. Science Research Associate,
Date of publication, distribution, etc. 1964
300 ## - PHYSICAL DESCRIPTION
Extent 20 pages :
Other physical details color illustrations ;
Dimensions 21 cm
336 ## - CONTENT TYPE
Content type term text
Content type code txt
Source rdacontent
337 ## - MEDIA TYPE
Media type term unmediated
Media type code n
Source rdamedia
338 ## - CARRIER TYPE
Carrier type term volume
Carrier type code nc
Source rdacarrier
505 ## - FORMATTED CONTENTS NOTE
Formatted contents note J<br/>
520 ## - SUMMARY, ETC.
Summary, etc. Rosina is a lively little girl who often hears the words “No, no, Rosina!” because she is full of energy, curiosity, and mischief. Whether she is playing, exploring, or helping at home, Rosina’s good intentions usually turn into small troubles. Through her adventures, the story captures the humor and warmth of everyday family life, showing how Rosina learns important lessons about listening, behaving, and finding the right way to use her endless enthusiasm.
521 8# - TARGET AUDIENCE NOTE
Target audience note 500<br/>
Source Lexile estimate<br/>
521 8# - TARGET AUDIENCE NOTE
Target audience note J<br/>
Source Raz-Plus<br/>
650 ## - SUBJECT ADDED ENTRY--TOPICAL TERM
Topical term or geographic name entry element Children’s fiction
Form subdivision Family life
General subdivision Obedience & mischief
700 ## - ADDED ENTRY--PERSONAL NAME
Personal name Porter, Pat Grant
Relator term illustrator
906 ## - LOCAL DATA ELEMENT F, LDF (RLIN)
a 7
b cbc
c oclcrpl
d u
e ncip
f 19
g y-gencatlg
942 ## - ADDED ENTRY ELEMENTS (KOHA)
Source of classification or shelving scheme Dewey Decimal Classification
Koha item type Books
Suppress in OPAC No
Holdings
Withdrawn status Lost status Source of classification or shelving scheme Damaged status Not for loan Collection Home library Current library Shelving location Date acquired Total Checkouts Full call number Barcode Date last seen Date last checked out Copy number Price effective from Koha item type
    Dewey Decimal Classification     Juvenile Fiction Footprints International School Library Network Toul Tom Poung Campus Footprints International School Library Network Toul Tom Poung Campus TTP Primary Dark Blue Bookshelves 09/15/2025 1 MAR 800 PZ7.M36418 N FISBK04198 03/19/2026 03/12/2026 1 09/15/2025 Books